Tutti i Piloti che hanno mai vinto con la Ferrari - Statistics

Statistiche generali
  • Questo quiz è stato fatto 210 volte
  • Il punteggio medio è 21 su 40
Statistiche sulle risposte
Vittorie Anni Nazionalita Risposta % Corretto
72 1996-2006 Germania Micheal Schumacher
99%
14 2015-2020 Germania Sebastian Vettel
97%
5 2019-2023 Monaco Charles Leclerc
96%
10 2007-2009 e 2014-2018 Finlandia Kimi Raikkonen
96%
11 2010-2014 Spagna Fernando Alonso
95%
15 1974-1977 Austria Niki Lauda
91%
1 2021-2023 Spagna Carlos Sainz Jr
88%
11 2006-2014 Brasile Felipe Massa
88%
6 1977-1982 Canada Gilles Villeneuve
83%
9 2000-2005 Brasile Rubens Barrichello
82%
5 1990-1991 Francia Alain Prost
80%
3 1956 Argentina Juan Manuel Fangio
79%
13 1950-1954 Italia Alberto Ascari
76%
1 1952-1955 Italia Giuseppe Farina
64%
4 1970-1972 e 1974-1976 Svizzera Clay Regazzoni
54%
3 1979-1980 Sudafrica Jody Scheckter
52%
3 1989-1990 Regno Unito Nigel Mansell
52%
3 1958-1962 Stati Uniti Phil Hill
51%
1 1991-1995 Francia Jean Alesi
50%
5 1987-1989 e 1993-1995 Austria Gerhard Berger
49%
1 1971-1972 e 1982 Stati Uniti Mario Andretti
49%
3 1984-1988 Italia Michele Alboreto
49%
4 1996-1999 Regno Unito Eddie Irvine
48%
6 1968 e 1970-1973 Belgio Jacky Ickx
41%
2 1981-1982 Francia Didier Pironi
38%
4 1963-1966 Regno Unito John Surtees
34%
5 1976-1978 Argentina Carlos Reutemann
33%
3 1953-1955 e 1957-1958 Regno Unito Mike Hawthorn
31%
3 1983-1985 Francia René Arnoux
28%
1 1962-1967 Italia Lorenzo Bandini
22%
2 1951,1954-1955,1957 e 1960 Argentina José Froilan Gonzalez
20%
2 1982-1983 Francia Patrick Tambay
20%
2 1956-1961 Germania Wolfgang von Trips
19%
1 1963-1967 Italia Ludovico Scarfiotti
18%
1 1956-1958 Italia Luigi Musso
18%
3 1956-1958 Regno Unito Peter Collins
15%
1 1961-1962 e 1966 Italia Giancarlo Baghetti
13%
1 1954-1955 e 1957 Francia Maurice Trintignant
13%
1 1951-1952 e1954-1955 Italia Piero Taruffi
13%
2 1959 Regno Unito Tony Brooks
10%
Nessun quiz corrispondente trovato
Distribuzione punteggi
Percentuale di utenti per punteggio
Percentile per numero di risposta
I tuoi punteggi nel tempo
Non hai fatto questo quiz